[Event "4NCL Division 3 South"]
[Site "Milton Keynes, ENG"]
[Date "2021.11.21"]
[Round "2.11"]
[White "Pickard, Charles"]
[Black "Farrand, Tom"]
[Result "1/2-1/2"]
[WhiteElo "2130"]
[BlackElo "2154"]
[PlyCount "43"]
[EventDate "2021.11.21"]
[WhiteTeam "Poisoned Pawns"]
[BlackTeam "CSC 1"]

1. c4 e6 2. Nf3 f5 3. g3 Nf6 4. Bg2 Be7 5. O-O O-O 6. b3 d6 7. d4 Ne4 8. Ne1
Bf6 9. Bb2 Nc6 10. f3 Ng5 11. Qd2 e5 12. d5 Ne7 13. Nc3 Ng6 14. f4 exf4 15.
gxf4 Ne4 16. Nxe4 Bxb2 17. Qxb2 fxe4 18. e3 Bf5 19. Nc2 Qe7 20. Nd4 Rae8 21.
Qf2 Rf6 22. Kh1 1/2-1/2

[Event "4NCL Division 3 South"]
[Site "Milton Keynes, ENG"]
[Date "2021.11.21"]
[Round "2.12"]
[White "Finn, Peter"]
[Black "Rosen, Daniel B"]
[Result "1-0"]
[WhiteElo "2162"]
[BlackElo "1983"]
[PlyCount "61"]
[EventDate "2021.11.21"]
[WhiteTeam "CSC 1"]
[BlackTeam "Poisoned Pawns"]

1. e4 d6 2. d4 g6 3. Nc3 Bg7 4. h3 a6 5. a4 Nc6 6. d5 Nb8 7. Nf3 Nf6 8. Bc4 O-O
9. O-O c6 10. Re1 Qc7 11. Bf4 cxd5 12. Bxd5 Nc6 13. Qd2 Nd7 14. Bh6 Nde5 15.
Nxe5 Nxe5 16. Bxg7 Kxg7 17. f4 Nd7 18. Bb3 b6 19. Qd4+ e5 20. Nd5 Qxc2 21. Bxc2
exd4 22. Rad1 Bb7 23. Rxd4 Rac8 24. Bb1 Rfe8 25. Nc3 Re6 26. Red1 Rce8 27. Rxd6
Nc5 28. e5 g5 29. b4 Nb3 30. Ba2 Rxd6 31. exd6 1-0

[Event "4NCL Division 3 South"]
[Site "Milton Keynes, ENG"]
[Date "2021.11.21"]
[Round "2.13"]
[White "Kemp, Paul R"]
[Black "Frostick, Clive A"]
[Result "1/2-1/2"]
[WhiteElo "2015"]
[BlackElo "2108"]
[PlyCount "43"]
[EventDate "2021.11.21"]
[WhiteTeam "Poisoned Pawns"]
[BlackTeam "CSC 1"]

1. e4 c5 2. c3 Nf6 3. e5 Nd5 4. d4 cxd4 5. Nf3 Nc6 6. Bc4 Nb6 7. Bb3 d5 8. exd6
Qxd6 9. O-O Be6 10. Na3 Bxb3 11. Qxb3 e6 12. Nb5 Qd8 13. Rd1 d3 14. Bf4 Na5 15.
Nc7+ Qxc7 16. Qb5+ Qd7 17. Qxa5 Qd5 18. Qxd5 Nxd5 19. Bg3 Rc8 20. Rxd3 Be7 21.
Kf1 O-O 22. Nd4 1/2-1/2

[Event "4NCL Division 3 South"]
[Site "Milton Keynes, ENG"]
[Date "2021.11.21"]
[Round "2.14"]
[White "Hasson, Peter"]
[Black "Hutchinson, Norman A"]
[Result "1/2-1/2"]
[WhiteElo "2073"]
[BlackElo "1985"]
[PlyCount "62"]
[EventDate "2021.11.21"]
[WhiteTeam "CSC 1"]
[BlackTeam "Poisoned Pawns"]

1. Nf3 d5 2. g3 Nf6 3. Bg2 e6 4. O-O c5 5. d3 Bd6 6. Nbd2 O-O 7. e4 dxe4 8.
dxe4 Nc6 9. Qe2 e5 10. c3 Be6 11. Nc4 Qc7 12. Bg5 Be7 13. a4 Nd7 14. Be3 Nb6
15. Nfd2 Nxc4 16. Nxc4 Nd4 17. cxd4 cxd4 18. Rfc1 dxe3 19. Nxe3 Qb6 20. a5 Qd8
21. Nd5 Bxd5 22. exd5 Bd6 23. a6 b6 24. Rc6 Re8 25. Be4 g6 26. g4 Re7 27. g5
Rd7 28. Qg4 Rc7 29. Rac1 Rac8 30. Rxc7 Rxc7 31. Rc6 Kg7 1/2-1/2

[Event "4NCL Division 3 South"]
[Site "Milton Keynes, ENG"]
[Date "2021.11.21"]
[Round "2.15"]
[White "McMahon, Paul"]
[Black "Fegan, Chris"]
[Result "0-1"]
[WhiteElo "1924"]
[BlackElo "2020"]
[PlyCount "78"]
[EventDate "2021.11.21"]
[WhiteTeam "Poisoned Pawns"]
[BlackTeam "CSC 1"]

1. e4 c5 2. Nf3 g6 3. c3 d5 4. Bb5+ Bd7 5. Qe2 dxe4 6. Bxd7+ Qxd7 7. Qxe4 Nf6
8. Qe2 Nc6 9. O-O Bg7 10. Rd1 O-O 11. d4 Rad8 12. Na3 cxd4 13. cxd4 e5 14. Be3
Ng4 15. d5 Nd4 16. Bxd4 exd4 17. Nxd4 Rfe8 18. Qf3 Ne5 19. Qb3 Qxd5 20. Nab5
Qxb3 21. Nxb3 a6 22. Nd6 Re7 23. Ne4 Rxd1+ 24. Rxd1 Nc6 25. Nc3 Bxc3 26. bxc3
Re2 27. Nc5 Rxa2 28. Nxb7 Rc2 29. Nc5 a5 30. Na4 Ra2 31. Nc5 a4 32. g3 a3 33.
Nb3 Rb2 34. Na1 a2 35. Kf1 Na5 36. Ke1 Nb3 37. Rd8+ Kg7 38. Rb8 Rb1+ 39. Ke2
Nxa1 0-1

[Event "4NCL Division 3 South"]
[Site "Milton Keynes, ENG"]
[Date "2021.11.21"]
[Round "2.16"]
[White "Scrimgour, Alan"]
[Black "Mountford, Corinne"]
[Result "1-0"]
[WhiteElo "2046"]
[BlackElo "1615"]
[PlyCount "83"]
[EventDate "2021.11.21"]
[WhiteTeam "CSC 1"]
[BlackTeam "Poisoned Pawns"]

1. e4 d5 2. exd5 Nf6 3. d4 Bg4 4. Bb5+ Nbd7 5. Be2 Bxe2 6. Nxe2 Nxd5 7. c4 N5f6
8. Nbc3 e6 9. Qb3 Qc8 10. O-O Be7 11. Bf4 c6 12. h3 O-O 13. Rfd1 Re8 14. Rac1
Bf8 15. Bh2 e5 16. d5 Nc5 17. Qc2 e4 18. Rb1 a6 19. b4 Ncd7 20. d6 Nb6 21. c5
Nbd7 22. Rd4 b6 23. cxb6 Qb7 24. Nxe4 Qxb6 25. Nxf6+ Nxf6 26. Rc4 Qd8 27. Rxc6
Re6 28. Rd1 Qe8 29. Ng3 Re1+ 30. Rxe1 Qxe1+ 31. Nf1 Qxb4 32. Rc8 Qb7 33. Rc7
Qe4 34. Rc8 Qb7 35. Rxa8 Qxa8 36. Ne3 Qb7 37. Nc4 Qb5 38. Bg3 a5 39. Qb3 Qc5
40. Ne5 Qa7 41. d7 Nxd7 42. Qxf7+ 1-0

[Event "4NCL Division 3 South"]
[Site "Milton Keynes, ENG"]
[Date "2021.11.21"]
[Round "2.21"]
[White "Wilson, Jaimie"]
[Black "Duggan, Michael F G"]
[Result "1/2-1/2"]
[WhiteElo "2097"]
[BlackElo "2052"]
[PlyCount "88"]
[EventDate "2021.11.21"]
[WhiteTeam "Wessex Some Stars A"]
[BlackTeam "Poole"]

1. e4 c6 2. Nc3 d5 3. Nf3 Bg4 4. h3 Bxf3 5. Qxf3 e6 6. Be2 d4 7. Nb1 Nd7 8. O-O
Ngf6 9. g3 Qc7 10. d3 Bc5 11. Nd2 h5 12. a4 g5 13. Qg2 O-O-O 14. Nb3 Rdg8 15.
Nxc5 Nxc5 16. b4 Ncd7 17. Bb2 Qd6 18. c4 c5 19. bxc5 Nxc5 20. Ba3 Nfd7 21. Rfb1
e5 22. g4 h4 23. Qf3 Rg7 24. Rb5 a6 25. Rb2 Rh6 26. Bf1 Rf6 27. Qd1 Qc7 28.
Rab1 Rgg6 29. Bb4 a5 30. Bd2 Rd6 31. Qc1 f6 32. Rb5 b6 33. Qa3 Kd8 34. Qa2 Ke7
35. Bc1 Rg8 36. Qc2 Rb8 37. Be2 Rg8 38. Bd1 Rb8 39. Qe2 Rf8 40. Qf3 Rf7 41. Ba3
Rg7 42. Bc2 Rc6 43. Qf5 Rf7 44. Qg6 Re6 1/2-1/2

[Event "4NCL Division 3 South"]
[Site "Milton Keynes, ENG"]
[Date "2021.11.21"]
[Round "2.22"]
[White "Weatherlake, John P"]
[Black "Lukosius, Rolandas"]
[Result "1-0"]
[WhiteElo "1987"]
[BlackElo "2094"]
[PlyCount "37"]
[EventDate "2021.11.21"]
[WhiteTeam "Poole"]
[BlackTeam "Wessex Some Stars A"]

1. e4 c5 2. Nf3 e6 3. d4 cxd4 4. Nxd4 a6 5. Bd3 Qc7 6. Qe2 b5 7. a4 b4 8. Be3
Bb7 9. Nd2 Nf6 10. O-O d5 11. Bg5 dxe4 12. Nxe4 Nxe4 13. Bxe4 Be7 14. Bxe7 Qxe7
15. Bxb7 Qxb7 16. Nxe6 fxe6 17. Qxe6+ Kf8 18. Rad1 Qc7 19. Rfe1 1-0

[Event "4NCL Division 3 South"]
[Site "Milton Keynes, ENG"]
[Date "2021.11.21"]
[Round "2.23"]
[White "Goater, Kevin P"]
[Black "Stanciu, Ciprian"]
[Result "1/2-1/2"]
[WhiteElo "2070"]
[BlackElo "2005"]
[PlyCount "77"]
[EventDate "2021.11.21"]
[WhiteTeam "Wessex Some Stars A"]
[BlackTeam "Poole"]

1. Nf3 Nf6 2. c4 d6 3. g3 e5 4. d3 Bf5 5. Nc3 c6 6. Bg2 Be7 7. e4 Bg4 8. h3 Bd7
9. Be3 h6 10. a3 Na6 11. b4 Nc7 12. O-O Qc8 13. Kh2 g5 14. Nd2 g4 15. h4 Nh5
16. Rh1 f5 17. exf5 Bxf5 18. Be4 Ng7 19. Kg2 Nce6 20. Nb3 h5 21. Qc2 Bf6 22.
Rae1 O-O 23. Bh6 Nd4 24. Nxd4 exd4 25. Ne2 Kh7 26. Qd2 Re8 27. Bxg7 Bxg7 28.
Qc2 Qd7 29. Nf4 Bxe4+ 30. dxe4 Be5 31. Nd3 Qf7 32. c5 dxc5 33. Nxc5 Rf8 34.
Rhf1 Qf3+ 35. Kh2 Qf7 36. Nd3 Qe7 37. Kg2 Rf3 38. Re2 Raf8 39. Rc1 1/2-1/2

[Event "4NCL Division 3 South"]
[Site "Milton Keynes, ENG"]
[Date "2021.11.21"]
[Round "2.24"]
[White "O'Neill, Martin"]
[Black "Westrap, Christian F"]
[Result "0-1"]
[WhiteElo "1998"]
[BlackElo "2057"]
[PlyCount "70"]
[EventDate "2021.11.21"]
[WhiteTeam "Poole"]
[BlackTeam "Wessex Some Stars A"]

1. d4 d5 2. Nf3 Nf6 3. c4 c6 4. b3 Bf5 5. g3 e6 6. a3 Be7 7. Bg2 O-O 8. O-O h6
9. Bb2 Nbd7 10. Nbd2 a5 11. Rc1 Ne4 12. Ne5 Nxd2 13. Qxd2 Nxe5 14. dxe5 dxc4
15. Qc3 cxb3 16. Qxb3 Qc7 17. h3 Rfd8 18. e4 Bh7 19. Qe3 Rd7 20. Bd4 c5 21.
Bxc5 Qxe5 22. Bxe7 Rxe7 23. f4 Qb8 24. Qb6 Qd8 25. Qb2 Rd7 26. f5 exf5 27. exf5
Ra6 28. Qe5 Rad6 29. f6 Rxf6 30. Rxf6 gxf6 31. Qb2 b6 32. Rc4 Rd1+ 33. Kh2 Rd2
34. Qc3 Qa8 35. Rg4+ Kh8 0-1

[Event "4NCL Division 3 South"]
[Site "Milton Keynes, ENG"]
[Date "2021.11.21"]
[Round "2.25"]
[White "Clark, Ian C"]
[Black "Smith, Richard"]
[Result "1-0"]
[WhiteElo "1960"]
[BlackElo "1915"]
[PlyCount "155"]
[EventDate "2021.11.21"]
[WhiteTeam "Wessex Some Stars A"]
[BlackTeam "Poole"]

1. e4 e5 2. Nf3 Nc6 3. Bc4 Nf6 4. Ng5 d5 5. exd5 b5 6. Bxb5 Qxd5 7. Nc3 Qxg2 8.
Qf3 Qxf3 9. Nxf3 Bd7 10. Rg1 Nd4 11. Bxd7+ Kxd7 12. Nxd4 exd4 13. Ne2 Re8 14.
d3 Nd5 15. a3 g6 16. Kf1 Bg7 17. Ng3 Be5 18. Bd2 f5 19. Kg2 Re6 20. Rge1 Rhe8
21. Kf1 h5 22. h3 Bf4 23. Rxe6 Rxe6 24. Bxf4 Nxf4 25. h4 Rc6 26. Rc1 Nxd3 27.
Rd1 Nxb2 28. Rxd4+ Ke6 29. Rb4 Rxc2 30. Ne2 Kf6 31. Rb7 a5 32. Nf4 Nc4 33. Nd5+
Ke5 34. Nxc7 Nxa3 35. Kg2 Rc6 36. Nb5 Nc4 37. Ra7 Rb6 38. Nc3 Kd4 39. Ne2+ Kc5
40. Nf4 Rd6 41. Rg7 Ne5 42. Re7 Nd7 43. Kf3 a4 44. Nxg6 a3 45. Nf4 a2 46. Re1
Nf6 47. Ra1 Rd2 48. Ne2 Kb4 49. Nc1 Rc2 50. Nxa2+ Kb3 51. Nc1+ Kb2 52. Ra6 Rc3+
53. Kg2 Ne4 54. Ne2 Rc2 55. Rb6+ Ka3 56. Kf3 Nd2+ 57. Kg2 Rc4 58. f4 Rc2 59.
Kf2 Ne4+ 60. Ke3 Nc3 61. Nxc3 Rxc3+ 62. Kd4 Rh3 63. Ke5 Rxh4 64. Kxf5 Rh1 65.
Rh6 Rh4 66. Ke5 Kb4 67. f5 Kc5 68. f6 Rh1 69. Ke6 Re1+ 70. Kf7 Kd6 71. Kg7 Rf1
72. Kf7 Rf5 73. Rh8 Rg5 74. Rd8+ Ke5 75. Ke7 Rg6 76. f7 Re6+ 77. Kf8 Kf6 78.
Kg8 1-0

[Event "4NCL Division 3 South"]
[Site "Milton Keynes, ENG"]
[Date "2021.11.21"]
[Round "2.26"]
[White "Fuller, David Michael"]
[Black "Gregory, Keith D F"]
[Result "0-1"]
[WhiteElo "1905"]
[BlackElo "1943"]
[PlyCount "81"]
[EventDate "2021.11.21"]
[WhiteTeam "Poole"]
[BlackTeam "Wessex Some Stars A"]

1. e4 d6 2. d4 Nf6 3. Nc3 Nbd7 4. Nf3 e5 5. Rg1 c6 6. g4 Be7 7. Be3 a6 8. Qd2
b5 9. a3 Qc7 10. g5 Nh5 11. Nh4 g6 12. Be2 Ng7 13. f4 exf4 14. Bxf4 Ne6 15. Be3
h6 16. Nxg6 fxg6 17. gxh6 Bh4+ 18. Kd1 Nef8 19. e5 d5 20. Bg5 Bxg5 21. Qxg5 Qd8
22. Qe3 Qe7 23. Kd2 Nb6 24. b3 Qh4 25. Raf1 Qxh6 26. Rf6 Be6 27. Rgf1 Qxe3+ 28.
Kxe3 Nbd7 29. R6f2 Ke7 30. a4 Rh3+ 31. Kd2 b4 32. Na2 a5 33. Nc1 Bf5 34. Nd3
Ne6 35. Nf4 Nxf4 36. Rxf4 Rxh2 37. R1f2 Rah8 38. c3 bxc3+ 39. Kxc3 Nf8 40. Bd3
Rxf2 41. Rxf2 0-1

[Event "4NCL Division 3 South"]
[Site "Milton Keynes, ENG"]
[Date "2021.11.21"]
[Round "2.31"]
[White "Robinson, James"]
[Black "Hughes, Roy"]
[Result "0-1"]
[WhiteElo "1931"]
[BlackElo "2067"]
[PlyCount "68"]
[EventDate "2021.11.21"]
[WhiteTeam "Barnet Knights B"]
[BlackTeam "Iceni 1"]

1. d4 d5 2. Nf3 Nf6 3. Bf4 c5 4. e3 Nc6 5. c3 Qb6 6. Qb3 c4 7. Qc2 Bf5 8. Qc1
e6 9. h3 h6 10. Nbd2 Be7 11. Be2 O-O 12. O-O Rfc8 13. Ne5 Qd8 14. g4 Bh7 15.
Ndf3 Ne4 16. Nxc6 Rxc6 17. Nd2 b5 18. a3 a5 19. Nxe4 Bxe4 20. Bd1 b4 21. axb4
axb4 22. Rxa8 Qxa8 23. Bc2 Bxc2 24. Qxc2 bxc3 25. bxc3 Rb6 26. e4 dxe4 27. Re1
f5 28. gxf5 exf5 29. f3 Bh4 30. Rf1 Qd5 31. Be5 Rg6+ 32. Kh2 exf3 33. Qxf5 Rg2+
34. Kh1 f2 0-1

[Event "4NCL Division 3 South"]
[Site "Milton Keynes, ENG"]
[Date "2021.11.21"]
[Round "2.32"]
[White "Sagues, Vincent"]
[Black "Erez, Uri"]
[Result "1-0"]
[WhiteElo "2058"]
[BlackElo "1847"]
[PlyCount "67"]
[EventDate "2021.11.21"]
[WhiteTeam "Iceni 1"]
[BlackTeam "Barnet Knights B"]

1. e4 c5 2. Nf3 Nc6 3. d4 cxd4 4. Nxd4 Nf6 5. Nc3 e5 6. Ndb5 d6 7. Bg5 a6 8.
Na3 b5 9. Nd5 Be7 10. Bxf6 Bxf6 11. c4 b4 12. Nc2 a5 13. g3 O-O 14. Bg2 Bg5 15.
O-O Ne7 16. b3 Be6 17. Nde3 Bxe3 18. Nxe3 Qc7 19. Qd2 Ra6 20. Rad1 Rd8 21. f4
Qc5 22. f5 Bd7 23. f6 Nc6 24. fxg7 a4 25. Qf2 Be6 26. Bh3 Kxg7 27. Bxe6 fxe6
28. Qf6+ Kg8 29. Qxe6+ Kh8 30. Qf6+ Kg8 31. Qg5+ Kh8 32. Rf7 Rg8 33. Qf6+ Rg7
34. Qxg7# 1-0

[Event "4NCL Division 3 South"]
[Site "Milton Keynes, ENG"]
[Date "2021.11.21"]
[Round "2.33"]
[White "Farahi-Far, Arman"]
[Black "Calvert, D Ian"]
[Result "1/2-1/2"]
[WhiteElo "1732"]
[BlackElo "1962"]
[PlyCount "71"]
[EventDate "2021.11.21"]
[WhiteTeam "Barnet Knights B"]
[BlackTeam "Iceni 1"]

1. d4 d5 2. c4 c6 3. cxd5 cxd5 4. Nc3 Nf6 5. Bf4 Nc6 6. Nf3 Bf5 7. h3 e6 8. a3
Be7 9. e3 O-O 10. Be2 Ne4 11. Nxe4 Bxe4 12. O-O Bd6 13. Bxd6 Qxd6 14. Bd3 Bxd3
15. Qxd3 Rfc8 16. Rac1 f6 17. Rfd1 Qd7 18. b4 Ne7 19. Rc5 b6 20. Rcc1 Rc7 21.
Nd2 Rac8 22. Nb3 Rc4 23. Qb1 Nf5 24. Qb2 Nd6 25. Nd2 R4c7 26. Kh1 Nc4 27. Nxc4
Rxc4 28. Rxc4 Rxc4 29. Rc1 Qc6 30. Rxc4 Qxc4 31. Kg1 Kf7 32. f3 Ke7 33. b5 Kd7
34. Kf2 g6 35. g3 f5 36. g4 1/2-1/2

[Event "4NCL Division 3 South"]
[Site "Milton Keynes, ENG"]
[Date "2021.11.21"]
[Round "2.34"]
[White "Lightfoot, Malcolm J"]
[Black "Vaidya, Raghav"]
[Result "0-1"]
[WhiteElo "1970"]
[BlackElo "1760"]
[PlyCount "50"]
[EventDate "2021.11.21"]
[WhiteTeam "Iceni 1"]
[BlackTeam "Barnet Knights B"]

1. e4 c5 2. Nf3 d6 3. d4 cxd4 4. Nxd4 Nf6 5. Nc3 g6 6. Be3 Bg7 7. f3 O-O 8. Qd2
Nc6 9. O-O-O d5 10. exd5 Nxd5 11. Nxc6 bxc6 12. Bd4 e5 13. Bc5 Re8 14. h4 Be6
15. Ne4 Qc7 16. h5 f5 17. Ng5 h6 18. Nxe6 Rxe6 19. hxg6 Rxg6 20. Bc4 Kh8 21.
Rdg1 Rb8 22. b3 e4 23. fxe4 Qe5 24. c3 Nxc3 25. Be3 Nxe4 0-1

[Event "4NCL Division 3 South"]
[Site "Milton Keynes, ENG"]
[Date "2021.11.21"]
[Round "2.35"]
[White "Sanfey, Gregor"]
[Black "Reynolds, D Ian W"]
[Result "0-1"]
[WhiteElo "1690"]
[BlackElo "1917"]
[PlyCount "68"]
[EventDate "2021.11.21"]
[WhiteTeam "Barnet Knights B"]
[BlackTeam "Iceni 1"]

1. e4 e5 2. Nf3 Nc6 3. Bb5 Nge7 4. d4 exd4 5. Nxd4 g6 6. c4 Bg7 7. Nc2 O-O 8.
Nc3 a6 9. Bxc6 Nxc6 10. O-O Ne5 11. Ne3 d6 12. Ne2 Be6 13. Qc2 b5 14. cxb5 axb5
15. Bd2 Nc4 16. Nxc4 Bxc4 17. Bc3 Bxc3 18. bxc3 Qf6 19. f4 Ra3 20. Rf3 Rfa8 21.
Nc1 b4 22. e5 dxe5 23. Qe4 Qe6 24. Qxe5 Qxe5 25. fxe5 b3 26. Rf2 bxa2 27. Nxa2
Rxa2 28. Rfxa2 Rxa2 29. Rd1 c6 30. Rd6 Bd5 31. c4 Bxg2 32. Rd8+ Kg7 33. Rd7 Bh3
34. Rc7 Rg2+ 0-1

[Event "4NCL Division 3 South"]
[Site "Milton Keynes, ENG"]
[Date "2021.11.21"]
[Round "2.36"]
[White "Ortiz Sanchez, Luis"]
[Black "Wolstenholme, Otis"]
[Result "1/2-1/2"]
[WhiteElo "1933"]
[BlackElo "1683"]
[PlyCount "66"]
[EventDate "2021.11.21"]
[WhiteTeam "Iceni 1"]
[BlackTeam "Barnet Knights B"]

1. d4 d5 2. Nf3 Nf6 3. c3 e6 4. Bf4 c5 5. e3 Qb6 6. Qc2 Bd6 7. Bxd6 Qxd6 8.
Nbd2 c4 9. Ne5 Nc6 10. f4 Nd7 11. e4 f6 12. Nxd7 Bxd7 13. e5 fxe5 14. fxe5 Qe7
15. Nf3 Kd8 16. Be2 Kc7 17. O-O Be8 18. b3 Bg6 19. Qd2 Na5 20. Qb2 Rhb8 21. b4
Nc6 22. a4 b6 23. Bd1 Rf8 24. Qd2 h6 25. Be2 Be4 26. Ne1 Rxf1+ 27. Bxf1 Qf7 28.
Be2 Rf8 29. Bf3 g5 30. Qe2 Bg6 31. g3 h5 32. Bg2 g4 33. Ra2 Ne7 1/2-1/2

[Event "4NCL Division 3 South"]
[Site "Milton Keynes, ENG"]
[Date "2021.11.21"]
[Round "2.41"]
[White "Pedersen, Carsten"]
[Black "Marsh, Roger D W"]
[Result "1-0"]
[WhiteElo "2088"]
[BlackElo "1928"]
[PlyCount "55"]
[EventDate "2021.11.21"]
[WhiteTeam "Celtic Tigers 2"]
[BlackTeam "Weesex Some Stars B"]

1. e4 g6 2. Nc3 Bg7 3. g3 e5 4. Bg2 Nf6 5. Nge2 Nc6 6. O-O O-O 7. d3 d6 8. h3
Ne7 9. f4 Ne8 10. g4 f5 11. gxf5 gxf5 12. fxe5 Bxe5 13. Bg5 Bf6 14. Qd2 Ng6 15.
Bh6 Bg7 16. exf5 Bxh6 17. Qxh6 Qh4 18. Qe3 Ne7 19. f6 Rxf6 20. Rxf6 Qxf6 21.
Nd5 Nxd5 22. Bxd5+ Kg7 23. Qxe8 Bxh3 24. Qh5 Rf8 25. Qxh3 Qf2+ 26. Kh1 Qxe2 27.
Rg1+ Kh8 28. Be4 1-0

[Event "4NCL Division 3 South"]
[Site "Milton Keynes, ENG"]
[Date "2021.11.21"]
[Round "2.42"]
[White "De Coverly, Roger D"]
[Black "Kelmendi, Bajrush"]
[Result "1/2-1/2"]
[WhiteElo "1926"]
[BlackElo "2056"]
[PlyCount "105"]
[EventDate "2021.11.21"]
[WhiteTeam "Weesex Some Stars B"]
[BlackTeam "Celtic Tigers 2"]

1. d4 g6 2. e4 Bg7 3. Nc3 b6 4. h4 h5 5. Bc4 Bb7 6. Be3 e6 7. Nf3 Nf6 8. Bg5
Qc8 9. Qe2 O-O 10. O-O Re8 11. Rfe1 d6 12. Rad1 a6 13. a4 Nbd7 14. Qd2 d5 15.
exd5 exd5 16. Rxe8+ Qxe8 17. Re1 Qf8 18. Bd3 Re8 19. Ne5 c5 20. Nxd7 Nxd7 21.
dxc5 bxc5 22. Rxe8 Qxe8 23. Qe2 Qxe2 24. Bxe2 f5 25. Bf3 Bxc3 26. bxc3 Kf7 27.
c4 Ke6 28. cxd5+ Bxd5 29. Be2 c4 30. Be3 Kd6 31. f3 Nc5 32. a5 Nb7 33. Bb6 Kc6
34. g4 fxg4 35. fxg4 hxg4 36. Bxg4 Kb5 37. Bd7+ Kb4 38. Kf2 Be4 39. Bc8 Kc3 40.
Ke3 Bc6 41. Be6 Nd6 42. Bd8 Kxc2 43. Kd4 c3 44. Be7 Nf5+ 45. Bxf5+ gxf5 46. Bb4
f4 47. Bxc3 f3 48. Be1 Kd1 49. Bg3 Ke2 50. h5 Be8 51. h6 Bg6 52. Kc5 f2 53.
Bxf2 1/2-1/2

[Event "4NCL Division 3 South"]
[Site "Milton Keynes, ENG"]
[Date "2021.11.21"]
[Round "2.43"]
[White "Tivillier, Jacques"]
[Black "Smith, Steven J"]
[Result "1/2-1/2"]
[WhiteElo "1909"]
[BlackElo "1859"]
[PlyCount "80"]
[EventDate "2021.11.21"]
[WhiteTeam "Celtic Tigers 2"]
[BlackTeam "Weesex Some Stars B"]

1. e4 e6 2. d4 d5 3. e5 c5 4. c3 Nc6 5. Nf3 Qb6 6. Bd3 cxd4 7. cxd4 Bd7 8. O-O
Nxd4 9. Nbd2 Nh6 10. Nxd4 Qxd4 11. Nf3 Qb6 12. a4 a5 13. Be3 Bc5 14. Bxh6 gxh6
15. Qd2 Bf8 16. Qf4 Qb3 17. Rfd1 Rc8 18. Nd4 Qb4 19. Qf6 Rg8 20. Nb5 Bg7 21.
Qf3 Bxe5 22. Qe2 Qf4 23. g3 Kf8 24. Kf1 Qf6 25. Re1 Bxb5 26. Bxb5 Bxb2 27. Rab1
Bc3 28. Rec1 d4 29. Bd3 Kg7 30. Rxb7 Rb8 31. Rcb1 Bb4 32. Rxb8 Rxb8 33. Qe4 e5
34. Qxh7+ Kf8 35. Qe4 Rc8 36. Kg1 Rc3 37. Rd1 Qc6 38. Qxe5 Rc1 39. Qb8+ Ke7 40.
Qe5+ Kf8 1/2-1/2

[Event "4NCL Division 3 South"]
[Site "Milton Keynes, ENG"]
[Date "2021.11.21"]
[Round "2.44"]
[White "Adaway, William"]
[Black "Kitchen, Peter J"]
[Result "1/2-1/2"]
[WhiteElo "1857"]
[BlackElo "1870"]
[PlyCount "61"]
[EventDate "2021.11.21"]
[WhiteTeam "Weesex Some Stars B"]
[BlackTeam "Celtic Tigers 2"]

1. e4 e6 2. d4 d5 3. Nc3 Nf6 4. Bg5 dxe4 5. Nxe4 Nbd7 6. Nf3 h6 7. Nxf6+ Nxf6
8. Be3 Nd5 9. Bd2 c5 10. c3 a6 11. Bd3 Bd6 12. O-O O-O 13. Qe2 Nf6 14. Be3 Qc7
15. dxc5 Bxc5 16. Bxc5 Qxc5 17. Qe5 Qb6 18. a4 a5 19. Qd4 Qxd4 20. Nxd4 Bd7 21.
Rfd1 Rfd8 22. Bb5 Bxb5 23. Nxb5 Rac8 24. Kf1 Kf8 25. Ke2 Ke7 26. f3 Nd5 27. g3
Nb6 28. b3 Nd5 29. Rd3 Rd7 30. c4 Nb6 31. Rad1 1/2-1/2

[Event "4NCL Division 3 South"]
[Site "Milton Keynes, ENG"]
[Date "2021.11.21"]
[Round "2.45"]
[White "Goodacre, John"]
[Black "Spanton, Tim R"]
[Result "0-1"]
[WhiteElo "1780"]
[BlackElo "1804"]
[PlyCount "108"]
[EventDate "2021.11.21"]
[WhiteTeam "Celtic Tigers 2"]
[BlackTeam "Weesex Some Stars B"]

1. e4 e5 2. Nf3 Nc6 3. Bb5 Nf6 4. d3 Bc5 5. c3 d5 6. exd5 Qxd5 7. Bc4 Qd6 8. b4
Bb6 9. a4 a6 10. Ba3 Ne7 11. O-O O-O 12. Qe2 Ng6 13. Nbd2 h6 14. Ne4 Nxe4 15.
Qxe4 Bd7 16. b5 Bc5 17. Bxc5 Qxc5 18. Qxg6 Qxc4 19. Qxg7+ Kxg7 20. dxc4 f6 21.
Rfd1 Be6 22. c5 Rfd8 23. b6 cxb6 24. cxb6 Bb3 25. Rxd8 Rxd8 26. a5 Rc8 27. Nd2
Rxc3 28. Nxb3 Rxb3 29. g3 Rb5 30. Rc1 Rxa5 31. Rc7+ Kg6 32. Rxb7 Rb5 33. Rb8
Kf5 34. b7 a5 35. Kg2 Rb2 36. h3 a4 37. g4+ Kf4 38. Ra8 Rxb7 39. Rxa4+ Kg5 40.
Kg3 Rb3+ 41. f3 h5 42. h4+ Kg6 43. gxh5+ Kxh5 44. Re4 Rd3 45. Rg4 Rd4 46. Rg8
Rd1 47. Rf8 Kg6 48. Rg8+ Kf5 49. Kf2 Rh1 50. Rh8 Kf4 51. Rh6 f5 52. Ra6 Rxh4
53. Ra4+ Kg5 54. Ra5 Rb4 0-1

[Event "4NCL Division 3 South"]
[Site "Milton Keynes, ENG"]
[Date "2021.11.21"]
[Round "2.46"]
[White "Stuart, Graham"]
[Black "Sarfas, Robin"]
[Result "0-1"]
[WhiteElo "1773"]
[BlackElo "1790"]
[PlyCount "59"]
[EventDate "2021.11.21"]
[WhiteTeam "Weesex Some Stars B"]
[BlackTeam "Celtic Tigers 2"]

1. e4 c5 2. d4 cxd4 3. c3 dxc3 4. Nxc3 Nc6 5. Nf3 e6 6. Bc4 Nge7 7. O-O Ng6 8.
Qe2 Be7 9. Rd1 O-O 10. Be3 a6 11. Rac1 d6 12. a3 b5 13. Ba2 Bb7 14. Nxb5 axb5
15. Qxb5 Qd7 16. Nd4 Rac8 17. f4 Rfd8 18. Qd3 Nxd4 19. Qxd4 Rxc1 20. Bxc1 Rc8
21. Be3 d5 22. f5 Nf4 23. Kh1 Bc5 24. Qd2 Bxe3 25. Qxe3 e5 26. exd5 Qd6 27. Qa7
Bxd5 28. Bxd5 Nxd5 29. Qb7 Rd8 30. h3 0-1

[Event "4NCL Division 3 South"]
[Site "Milton Keynes, ENG"]
[Date "2021.11.21"]
[Round "2.51"]
[White "Tenin, Aleksander"]
[Black "Starley, Robert"]
[Result "0-1"]
[WhiteElo "2100"]
[BlackElo "2051"]
[PlyCount "69"]
[EventDate "2021.11.21"]
[WhiteTeam "War and Piece A"]
[BlackTeam "Cambridge University 2"]

1. e4 d5 2. exd5 Qxd5 3. Nc3 Qa5 4. Bc4 Nf6 5. d3 Bg4 6. f3 Bd7 7. Qe2 Nc6 8.
Be3 e6 9. a3 Bc5 10. Bxc5 Qxc5 11. Nb5 O-O-O 12. b4 Qb6 13. Qf2 Nd5 14. Bxd5
Qxb5 15. Bxc6 Qe5+ 16. Kd2 Qxa1 17. Bxd7+ Kxd7 18. Qxa7 b6 19. Qa4+ Ke7 20. Qc6
Rd7 21. Qc3 Qf1 22. Qxg7 Rdd8 23. Qg5+ Kd7 24. Ne2 Qxh1 25. Nd4 Rhg8 26. Qb5+
Ke7 27. Nc6+ Kf8 28. g4 Qxh2+ 29. Kc3 Qd6 30. Ne5 c5 31. Nc6 h5 32. Qxb6 cxb4+
33. axb4 hxg4 34. fxg4 Rxg4 35. Qb5 0-1

[Event "4NCL Division 3 South"]
[Site "Milton Keynes, ENG"]
[Date "2021.11.21"]
[Round "2.52"]
[White "Atako, Chino C"]
[Black "Tucker, David S"]
[Result "1-0"]
[WhiteElo "2005"]
[BlackElo "1938"]
[PlyCount "85"]
[EventDate "2021.11.21"]
[WhiteTeam "Cambridge University 2"]
[BlackTeam "War and Piece A"]

1. e4 c5 2. Nf3 Nc6 3. Nc3 g6 4. d4 cxd4 5. Nxd4 Bg7 6. Be3 Nf6 7. Bc4 O-O 8.
Bb3 a5 9. f3 d5 10. exd5 Nb4 11. Ndb5 a4 12. Bc4 Bd7 13. Na3 Rc8 14. O-O Bf5
15. Rf2 h5 16. Rd2 Qa5 17. Qe2 Ne8 18. Nd1 Nd6 19. c3 Nxc4 20. Nxc4 Qa6 21. Nb6
Bd3 22. Qf2 Nc2 23. Rxc2 Bxc2 24. Nxc8 Bd3 25. Nb6 a3 26. Qd2 f5 27. b3 Rf6 28.
Nf2 Bb5 29. Nc8 Rf7 30. Bd4 Bd7 31. Nb6 e5 32. dxe6 Bxe6 33. Bxg7 Rxg7 34. Qd8+
Kh7 35. Re1 Bf7 36. Nh3 Kh6 37. Qg5+ Kh7 38. Nd7 Qa7+ 39. Kh1 Kg8 40. Qd8+ Kh7
41. Nf6+ Kh6 42. Qh8+ Rh7 43. Qxh7# 1-0